000 00776nam a2200289Ia 4500
005 20260324112803.0
008 008 260324s9999 xx 000 0 eng d
020 _a9781032697611
037 _aEBOOK
040 _aCRL
040 _beng
040 _cCRL
041 _2eng
041 _aeng
084 _qCRL
100 _aBożena Gajdzik; Radosław Wolniak; Wieslaw Grebski; Michalene Eva Grebski; Jan Szymszal
_91144139
245 0 _aSustainability and Smart Manufacturing
245 4 _bThe Transformation of the Steelwork Industry
260 _bTaylor and Francis
260 _c2024
365 _a
365 _b230
856 _uhttp://www.taylorfrancis.com/books/9781032697611
942 _cEBOOK
999 _c1733488
_d1733488